• 首页
  • 本馆介绍
  • 公告通知
  • 最新文献
  • 馆藏检索
  • 电子资源
  • 读者荐购
  • 参考咨询
  • CALIS
  • 我的图书馆
  • 登录
  • 详细信息显示
  • 放入我的书架
  • 预约/预借图书
  • 作者相关作品
  • 分类相关作品
  • 丛书相关作品
  • 出版社相关作品

书目信息

  • 表格格式
  • 工作单格式
  • 卡片格式
题名:
汽车内燃机原理
    
 
作者: 倪计民 编著
分册:  
出版信息: 上海   同济大学出版社  
页数: 404页
开本: 16开
丛书名:
单 册:
中图分类: U464
科图分类:
主题词: 汽车工程
电子资源:
ISBN: 7-5608-1767-X
 
 
 
 
 
000 00533nam0 2200193 45
001 0009151110
005 20001113200236.9
010    @a7-5608-1767-X@d31.00元
100    @a20000915d km y0chiy0120 ea
101 0  @achi
105    @a z 000yy
200 1  @a汽车内燃机原理@AQi Che Nei Ran Ji Yuan Li@f倪计民编著@FNi Ji Min Bian Zhu
210    @a上海@c同济大学出版社
215    @a404页@d16开
606 0  @a汽车工程
690    @aU464@v3
701  0 @a倪计民@4编著
801    @aCN@bPftUser@c20000915
905    @dU464@eN529@b404398-402@f5
    
    汽车内燃机原理/倪计民编著.-上海:同济大学出版社
    404页;16开
    
    
    ISBN 7-5608-1767-X:31.00元
    
●
相关链接 在E读中查询图书 在当当中查询图书 在豆瓣中查询图书


正题名:汽车内燃机原理     索取号:U464/N529         预约/预借

序号 登录号 条形码 馆藏地/架位号 状态 备注
1 404398   204043980   自科二线400A/400A自科库 35排3列2层/ [索取号:U464/N529] 在馆    
2 404399   204043999   期刊室512/501自科库 56排2列2层/ [索取号:U464/N529] 在馆    
3 404400   204044006   自科二线400A/400A自科库 35排3列2层/ [索取号:U464/N529] 在馆    
4 404402   204044024   自科库501/501自科库 56排3列5层/ [索取号:U464/N529] 在馆    
河南城建学院图书馆 欢迎您!
大连网信软件有限公司© 版权所有